000 00255nam a2200109Ia 4500
008 230312s9999||||xx |||||||||||||| ||und||
082 _a658.054
_bSCH-E
100 _aSchneider .p Gray
245 0 _aElectronic commerce
650 _aManagement
942 _cBK
999 _c14627
_d14627